RPMN pri úverových produktoch bakalárska práca

Gespeichert in:
Bibliographische Detailangaben
1. Verfasser: Miklovičová, Petra
Körperschaft: Fakulta hospodárskej informatiky EU. Katedra matematiky
Weitere Verfasser: Strešňáková, Anna, 1976-
Format: Buch
Sprache:Slowakisch
Veröffentlicht: Bratislava 2011
Tags: Tag hinzufügen
Keine Tags, Fügen Sie das erste Tag hinzu!

MARC

LEADER 00000nbm a2200000 4500
001 0140954
005 20161109111724.1
041 0 |a slo 
044 |a SK 
245 1 0 |a RPMN pri úverových produktoch  |b bakalárska práca  |c Petra Miklovičová ; školiteľ: Anna Strešňáková 
264 1 |a Bratislava  |c 2011 
300 |a 37 s. 
100 1 |a Miklovičová, Petra 
700 1 |a Strešňáková, Anna, 1976- 
710 2 |a Fakulta hospodárskej informatiky EU. Katedra matematiky